000 00321nam a22001457a 4500
999 _c167251
_d167251
082 _a
_b
100 _aMehta J L
245 _aAdvanced study in the history of medieval India (v.3)/
_cby Mehta J L.
260 _a
_bSterling,
_c2011.
300 _a324p.
600 _a
650 _a
700 _a
942 _cBK